000 00432nam a2200169Ia 4500
008 230917s9999||||xx |||||||||||||| ||und||
020 _cRS135
040 _e254746
_aMAIN
041 _aEnglish
082 _a181.4 S77B
100 _aSarvagyabhushan
245 0 _aBharatiyadarshansar
260 _aPrayag
_bSanskrit Ganga
_c2019
300 _a160 p.
500 _a3436 25/02/2019 HBD19/7797 14/03/2019 Sanskrit SAP
942 _cBK
999 _c30702
_d30702